Statues of Footballers - Statistics

General Stats
  • This quiz has been taken 19 times
  • The average score is 6 of 10
Answer Stats
Picture Answer % Correct
Cristiano Ronaldo
94%
Zlatan Ibrahimovic
83%
Antoine Griezmann
78%
Romelu Lukaku
72%
Luis Suarez
67%
Zinedine Zidane
56%
Gerd Müller
50%
Didier Drogba
22%
Mohammed Salah
17%
Dominik Szoboszlai
11%
No matching quizzes found
Score Distribution
Percent of People with Each Score
Percentile by Number Answered
Your Score History
You have not taken this quiz